000 00369nam a2200145Ia 4500
008 230711s9999||||xx |||||||||||||| ||und||
041 _aENG
082 _a624
_bPO-I
100 _aPopov,EP
245 0 _aIntroduction to mechanics of soilds
250 _a1st
260 _c1991
_aNew Delhi
_bPHI Learning Private Limited
650 _aMechanical Engineering
942 _cBK
999 _c2273
_d2273